000 00525nam a22001817a 4500
999 _c526770
_d526770
003 NUST
020 _qPBK
038 _aFaiza
082 _a891.4911
_bNAJ
100 _aSyed, Najam Hussain
_915330
245 _aJit aahir Jug udhary /
_cNajam Hussain Syed
260 _aLahore :
_bShirkat press,
_c2007.
300 _a124 p. ;
880 _6100-01\r
_aنجم حسین سید
880 _6245-02\r
_aجِت آہرجگ اُدّھرے /
880 _6260-03\r
_aلاہور :
_bشرکت پریس.
_c۲۰۰۷.
942 _2ddc
_cBK